It looks like you're offline.
Open Library logo
additional options menu

MARC record from Internet Archive

LEADER: 03985cam 2200649Ka 4500
001 ocn862090552
003 OCoLC
005 20201112162252.0
008 130917s2014 enk 000 f eng d
040 $aUKMGB$beng$cUKMGB$dYDXCP$dCDX$dRIOSL$dCOO$dAU@$dCGU$dZCU$dOCLCO$dOCLCQ$dOCLCF$dOCLCO$dNTASP$dNZEPN$dALWOO$dOCLCQ$dOCLCO$dUKMGB$dNZAUC$dOCLCO$dNZOPM$dOCLCO$dOCLCQ$dOCLCO
015 $aGBB398286$2bnb
015 $aGBB4C9234$2bnb
016 7 $a016529058$2Uk
016 7 $a016945659$2Uk
019 $a870401518$a896900789
020 $a9780007516070$q(hbk.)
020 $a000751607X$q(hbk.)
020 $a0007516061$q(ePub ebook)
020 $a9780007516063$q(ePub ebook)
020 $a9780007516087
020 $a0007516088
035 $a(OCoLC)862090552$z(OCoLC)870401518$z(OCoLC)896900789
050 4 $aPR6114.I29$bW56 2014
082 04 $a823.92$223
100 1 $aNicholson, Christopher,$d1956-$eauthor.
245 10 $aWinter /$cby Christopher Nicholson.
264 1 $aLondon :$bFourth Estate,$c2014.
300 $a247 pages ;$c22 cm
336 $atext$btxt$2rdacontent
337 $aunmediated$bn$2rdamedia
338 $avolume$bnc$2rdacarrier
520 $aFrom the author of the Costa Best Novel-shortlisted 'The Elephant Keeper', a poignant imagining of Thomas Hardy's relationship with his last muse. A celebrated author, in the winter of his life, awaits a visit from a beautiful young actress - the leading lady in a staging of his most famous tragedy. But his wife is troubled. An anxious and sickly woman, she watches the growing intimacy between her husband and the young woman, and becomes tormented by the idea that they will betray her. In this delicately-wrought novel, Christopher Nicholson has been inspired by the true story of the first theatrical production of 'Tess of the D'Urbervilles' to paint a subtle and moving portrait of life's little ironies, its disappointments and its desires.
505 0 $aHardback -The new novel from the author of the Costa Best Novel-shortlisted The Elephant Keeper In the winter of 1924 the most celebrated English writer of the day, 84-year-old Thomas Hardy, was living at his Dorset home of Max Gate with his second wife, Florence. Aged 45 but in poor health, Florence came to suspect that Hardy was in the grip of a romantic infatuation. The woman in question was a beautiful local actress, 27-year-old Gertrude Bugler, who was playing Tess in the first dramatic adaptation of Hardy's most famous novel, 'Tess of the d'Urbervilles'. Inspired by these events, 'Winter' is a brilliantly realised portrait of an old man and his imaginative life; the life that has brought him fame and wealth, but that condemns him to living lives he can't hope to lead, and reliving those he thought he once led. It is also, though, about the women who now surround him: the middle-aged, childless woman who thought she would find happiness as his handmaiden; and the young actress, with her youthful ambitions and desires, who came between them.
600 10 $aHardy, Thomas,$d1840-1928$vFiction.
650 0 $aAuthors$vFiction.
600 17 $aHardy, Thomas,$d1840-1928.$2fast$0(OCoLC)fst00034596
650 7 $aAuthors.$2fast$0(OCoLC)fst00821688
655 0 $aBiographical fiction.
655 7 $aBiographical fiction.$2fast$0(OCoLC)fst01726537
655 7 $aFiction.$2fast$0(OCoLC)fst01423787
655 7 $aBiographical fiction.$2lcgft
938 $aCoutts Information Services$bCOUT$n24413237
938 $aYBP Library Services$bYANK$n11409387
029 1 $aAU@$b000052517165
029 1 $aAU@$b000052522481
029 1 $aAU@$b000054203374
029 1 $aNZ1$b15262007
029 1 $aNZ1$b15825071
029 1 $aUKBOR$b132842432
029 1 $aUKDEL$b132842432
029 1 $aUKDOR$b132842432
029 1 $aUKMGB$b016529058
029 1 $aUKTLS$b132842432
029 1 $aUNITY$b132842432
029 1 $aUNITY$b135410347
994 $aZ0$bP4A
948 $hNO HOLDINGS IN P4A - 183 OTHER HOLDINGS